000
00309nam a22001337a 4500
008
171021b xxu||||| |||| 00| 0 eng d
020
_a
9780967487922
041
_a
eng
080
_a
658
100
_a
54
101
_a
LID
245
_a
GOING BEYOND LEADERSHIP OF CHARACTER
_c
REMICK, N.TH
942
_2
udc
_c
BK
999
_c
35274
_d
35274